Ovládanie náklonu ramena pomocou joysticku

Saved in:
Bibliographic Details
Main Author: Sekerka, Miroslav (Author)
Other Authors: Šefčík, Ján (Thesis advisor)
Format: Manuscript Book
Language:Slovak
Published: Bratislava : STU v Bratislave FEI, 2023
Subjects:
Online Access:https://opac.crzp.sk/?fn=detailBiblioFormChildS12KT3&sid=08878EB2E7E37CD0989174C0752B&seo=CRZP-detail-kniha
Tags: Add Tag
No Tags, Be the first to tag this record!

MARC

LEADER 00000ntm a22000003a 4500
001 stuzp92312
003 SK-STU
005 20241113142922.2
007 ta
008 150427s2015----xo-----f-mn---000-0-slo-d
040 |a STU  |b slo 
041 0 |a slo 
044 |a xo 
100 1 |a Sekerka, Miroslav  |u 035000  |4 aut  |U FEI Fakulta elektrotechniky a informatiky  |T FEI Ústav informatiky a matematiky  |X 92654  |U E050  |Y 816  |7 92654 
242 0 1 |a Beam tilt control using joystick  |y eng 
245 1 0 |a Ovládanie náklonu ramena pomocou joysticku 
260 |a Bratislava :  |b STU v Bratislave FEI,  |c 2023 
300 |a 61 s., príl. 
650 4 |a arduino  |2 slo 
650 4 |a javascript  |2 slo 
650 4 |a node  |2 slo 
650 4 |a arduino  |2 eng 
650 4 |a javascript  |2 eng 
650 4 |a node  |2 eng 
700 1 |a Šefčík, Ján  |u 030400  |k Z3  |4 ths  |U FEI Fakulta elektrotechniky a informatiky  |T FEI Ústav automobilovej mechatroniky  |X 80238  |U E400  |Y 642  |7 80238 
856 4 |u https://opac.crzp.sk/?fn=detailBiblioFormChildS12KT3&sid=08878EB2E7E37CD0989174C0752B&seo=CRZP-detail-kniha